Every Empire In Crusader Kings 2 - Statistics

General Stats
  • This quiz has been taken 326 times
  • The average score is 16 of 40
Answer Stats
De Jure Kingdoms Empire % Correct
Anatolia, Armenia, Bulgaria, Epirus, Georgia, Greece, Serbia, Sicily, Thrace, Trebizond, Cyprus, Saruhan, Trinacria, Tekke, Ottoman Turks, Rum, Mentese, Karaman, Germiyan, Eretnid, Aydin, Candar Byzantine Empire
89%
Bavaria, Carinthia, Frisia, Germany, Lotharingia, The Hansa, Bohemia Holy Roman Empire
87%
Chernigov, Galicia-Volhynia, Kievan Rus, Novgorod, Vladimir Rus
78%
Aquitaine, France, Brittany, Burgundy, Frisia, Lotharingia Francia
74%
Italy, Romagna, Papal States, Sardinia-Corsica, Venice, Genoa, Pisa, Naples Italia
73%
England, Ireland, Scotland, Wales Britannia
71%
Andalusia, Navarra, Asturias, Badajoz, Galicia, Valencia, Aragon, Castille, Leon, Portugal Hispania
66%
Ghana, Mali, Songhay Mali
60%
Abyssinia, Nubia Abyssinia
58%
Bulgaria, Wallachia Bulgaria
57%
Bavaria, Carinthia, Germany, Saxony, The Hansa Germania
57%
Hungary, Wallachia, Croatia Carpathia
52%
Arabia, Jerusalem, Egypt, Syria, Yemen, Maghreb, Africa Arabian Empire
50%
Galicia-Volhynia, Kievan Rus, Chernigov, Novgorod, Vladimir, Nenetsia, Perm, Volga Bulgaria, Khazaria, Alania, Crimea Russia
50%
Africa, Maghreb Maghreb
48%
Al-Jazira, Daylam, Iraq, Kabulistan, Khorasan, Persia, Sistan Persian Empire
48%
Guge, Kashmir, Kham, Nepal, Yarlung, Xia Tibet
48%
N/A Roman Empire
44%
N/A India
40%
Lithuania, Poland, Pomerania, Bohemia, Great Moravia Wendish Empire
39%
N/A Mongol Empire
38%
Bengal, Bihar, Gondwana, Kamarupa, Orissa Bengal Empire
37%
Hausaland, Kanem Kanem-Bornu
33%
Delhi, Gujarat, Kosala, Malwa, Punjab, Rajputana, Sindh Rajasthan
29%
Andhra, Karnata, Lanka, Maharastra, Tamilakam, Telingana Deccan Empire
25%
Alania, Crimea, Khazaria Pontic Steppe
25%
Bohemia, Poland, Chernigov, Galicia-Volhynia, Kievan Rus, Novgorod, Vladimir, Pomerania Slavic Union
25%
Cumania, Mongolia, Sibir, Tartaria
24%
N/A Outremer
23%
N/A Golden Horde
20%
Nenetsia, Perm, Volga Bulgaria Volga-Ural
17%
N/A Latin Empire
16%
Denmark, Estonia, Finland, Lapland, Norway, Sweden Scandanavia
16%
N/A Western Protectorate
16%
N/A Aztec Empire
15%
N/A Ilkhanate
13%
Khotan, Oghuz, Transoxiana, Zhetysu Turan
13%
N/A Seljuk Empire
11%
N/A Chagatai
9%
N/A Timurids
9%
No matching quizzes found
Score Distribution
Percent of People with Each Score
Percentile by Number Answered
Your Score History
You have not taken this quiz